000 00299nam a22001337a 4500
020 _a0-7513-3766-8
082 _a030
_bDK/D
100 _aDORLING KINDERSLEY BOOK
245 _aDICTIONARY
260 _aLONDON
_bDK LIMITED
_c2009
300 _a256
650 _aDICTIONARY
_zUNITED KINGDOM
942 _cBK
999 _c2212
_d2212